Liatie zliatiny hliníka na tvárnenie EN AW 2024 v čiastočne tuhom stave
Enregistré dans:
| Auteur principal: | |
|---|---|
| Autres auteurs: | |
| Format: | Manuscrit Livre |
| Langue: | slovaque |
| Publié: |
2016
|
| Sujets: | |
| Accès en ligne: | http://is.stuba.sk/zp/portal_zp.pl?podrobnosti=108898 |
| Tags: |
Pas de tags, Soyez le premier à ajouter un tag!
|
MARC
| LEADER | 00000ntm a22000003a 4500 | ||
|---|---|---|---|
| 001 | stuzp59257 | ||
| 003 | SK-STU | ||
| 005 | 20160719155815.9 | ||
| 007 | ta | ||
| 008 | 150427s2015----xo-----f-mn---000-0-slo-d | ||
| 040 | |a STU |b slo | ||
| 041 | 0 | |a slo | |
| 100 | 1 | |a Blaško, Peter |u 020050 |4 aut |U SjF Strojnícka fakulta |T SjF Ústav technológií a materiálov |X 63412 |U J0050 |Y 803 |7 63412 | |
| 242 | 0 | 1 | |a Casting of wrought aluminium alloy EN AW 2024 in the semi solid state |y eng |
| 245 | 1 | 0 | |a Liatie zliatiny hliníka na tvárnenie EN AW 2024 v čiastočne tuhom stave |
| 260 | |c 2016 | ||
| 650 | 4 | |a zliatiny hliníka na tvárnenie |2 slo | |
| 650 | 4 | |a liatie s kryštalizáciou pod tlakom |2 slo | |
| 650 | 4 | |a liatie kovov v čiastočne tuhom stave |2 slo | |
| 650 | 4 | |a EN AW 2024 |2 slo | |
| 650 | 4 | |a casting of semi-solid metals |2 eng | |
| 650 | 4 | |a wrought aluminium alloy |2 eng | |
| 650 | 4 | |a EN AW 2024 |2 eng | |
| 650 | 4 | |a squeeze casting |2 eng | |
| 700 | 1 | |a Stanček, Ladislav |u 020050 |k Z1 |4 ths |U SjF Strojnícka fakulta |T SjF Ústav technológií a materiálov |X 2465 |U J0050 |Y 803 |7 A000002465 | |
| 856 | 4 | |u http://is.stuba.sk/zp/portal_zp.pl?podrobnosti=108898 | |
| 996 | |b 284J044145 |c J* 2435/BP |l JJSK |s A |a 24 |w stuzp59257_0001 | ||
| SQL | |a stuzp59257 |b DBP |c SLO |d Liatie zliatiny hliníka na tvárnenie EN AW 2024 v čiastočne tuhom stave |e 63412 |f Blaško, Peter |g 020050 |h 2465 |i Stanček, Ladislav |j 20160614 |k 644 |l 02 |m http://is.stuba.sk/zp/portal_zp.pl?podrobnosti=108898 |n B-STAM |o 5.2.51. výrobné technológie | ||